| 000 | 00368nam a2200109Ia 4500 | ||
|---|---|---|---|
| 008 | 180305s9999 xx 000 0 und d | ||
| 020 | _a971699186 | ||
| 100 | _aMosqueda, Cleotilde D.r. | ||
| 245 |
_cCleotilde D.R. Mosqueda, Glenda A. Romero _aHamaka II: _bDuyan ng Karunungan/ |
||
| 260 |
_aManila _bInnovative Educational Materials, Inc. _c2003 |
||
| 300 | _aii, 304 Pages | ||
| 999 |
_c356096 _d356096 |
||